| 000 | 00513nam a2200181Ia 4500 | ||
|---|---|---|---|
| 005 | 20250317123433.0 | ||
| 008 | 008 250317s9999 xx 000 0 eng d | ||
| 037 | _aTextbook | ||
| 040 |
_aFMSL _beng _cFMSL |
||
| 041 |
_aeng _2eng |
||
| 084 |
_aD658(B) L0 _qFMSL |
||
| 100 |
_aBurrill C W _9735544 |
||
| 245 | 0 | _aComputer model of a growth company | |
| 260 |
_aLondon _bLondon, Gordan & Breach _c1970 |
||
| 300 | _a215p | ||
| 942 |
_cTB _hD658(B) L0 |
||
| 999 |
_c1251242 _d1251242 |
||